000 01633cam a22004094i 4500
003 PE-LiUPU
005 20250731172934.0
008 150623s r 000 0 d
035 _a(Sirsi) a20770
040 _aPE-LiUPU
_bspa
_cPE-LiUPU
_erda
082 0 4 _a296.155
_bS79L
_221
100 1 _aStegemann, Hartmut,
_eautor.
245 1 4 _aThe library of Qumran :
_bon the essenes, Qumran, John the Baptist, and Jesus /
_cHartmut Stegmann.
264 1 _aGrand Rapids, Michigan :
_bWilliam B. Eerdmans Publishing Company,
_c1998.
300 _a285 páginas :
_bilustraciones mapas ;
_c24 cm.
336 _atext
_2rdacontent
337 _aunmediated
_2rdamedia
338 _avolume
_2rdacarrier
505 0 _aDiscoveries. -Starting points. -The scrolls and the modern public. -The excavations. -The scroll caves. -The scroll holdings of the Qumran. -The essenes. -John The Baptist. -Jesus. -Early Christianity. -Rabbinic Judaism.
526 _aSEG42
526 _aSEG41
526 _aSEG40
526 _aSEG39
526 _aP94
526 _aP87
526 _aP86
526 _aP85
526 _aP77
526 _aP76
526 _aP35
650 0 4 _aManuscritos del mar muerto
_xCrítica, interpretación, etc.
942 _2ddc
_cBOOK
949 _a296.155 S79L
_wDEWEY
_c1
_i44282
_lCCODEBUL1
_mBUL
_p00.00
_r0
_sY
_tBOOK
_u2015-06-24
_xTEOLOGIA
_PP35
_0COMPRA
_o.STAFF. Colección General
596 _a1
999 _a296.155 S79L
_wDEWEY
_c21164
_i44282
_f2021-11-12
_g5
_lCCODEBUL1
_mBUL
_r0
_sY
_tBOOK
_u2015-6-24
_xTEOLOGIA
_PP35
_0COMPRA
_o.STAFF. Colección General
_d21164
980 _81
_gALBERTO SANCHEZ Responsable de Automatización